000 00397nam a2200169Ia 4500
100 _aTocci/Ronald J/ Widmer/N.S
650 _aDigital systems
250 _a9
942 _cBK
366 _f20
654 _adigital
245 _aDigital systems:Principles and applications
260 _bPearson Education
_aMumbai
_c2007
082 _a621.3815/TOC
_bTOC
300 _a743
546 _aENGLISH
999 _c34307
_d34307